000 00911nam a2200265 i 4500
003 DO-SdBNP
005 20250402145652.0
007 ta
008 221020b200? dr ao||frc||| 00| 0 spa d
040 _aDO-SdBNP
_bspa
_cBNPHU
_erda
082 4 _b Ó11c
_axxx
_222
245 0 0 _aÓ Chavón:
_bla escuela de diseño
264 _aSanto Domingo :
_b[editor no identificado],
_c[año no identificado].
300 _a[20] páginas :
_bilustraciones, fotografías.
_c23 cm.
336 _atexto
_btxt
_2rdacontent
337 _asin mediación
_bn
_2rdamedia
338 _avolumen
_bnc
_2rdacarrier
500 _aCarreras Técnicas, 2 años
500 _aBFA Con Parsons School of Desing 2+2= 4 años.
590 _aInventariado 2022 / MF
650 4 _954063
_aEducación Técnica
_xCatálogo
_zRepública Dominicana
650 4 _aChavón
_xCatálogo
_zRepública Dominicana
_982558
910 _aMFeliz
942 _2ddc
_cLF2
999 _c52598
_d52598